000 02068nam0a2200421 4500
001 RU\NLR\BIBL_A\022336573
005 20260220155843.0
010 _a978-5-235-05126-3
_92500
021 _aRU
_bКН-П-24-047357
_9КН-П-24-4712
035 _a(NLR Aleph) 022336573
090 _a13325601
_c13325601
100 _a20240930d2024 u y0rusy50 ca
101 0 _arus
102 _aRU
105 _aach z 000zb
181 0 _ai3
_baxxe
182 0 _an
200 1 _aМихаил Суслов
_fЛеонид Млечин
203 _aТекст
_bвизуальный
_cнепосредственный
210 _aМосква
_cМолодая гвардия
_d2024
215 _a380, [1] с., [8] л. ил., портр., факс.
_d21
225 1 _aЖизнь замечательных людей
_eЖЗЛ
_eсерия биографий
_fоснована в 1890 году Ф. Павленковым и продолж. в 1933 году М. Горьким
_vвып. 2194 (1994)
320 _aБиблиогр.: с. 379
333 _a16+
600 1 _aСуслов
_bМ.А.
_gМихаил Андреевич
_f1902 - 1982
_3RU\NLR\AUTH\661377406
686 1 _aТ3(2)73-8
686 1 _aФ61(2)8
700 1 _aМлечин
_bЛ. М.
_f1957-
_gЛеонид Михайлович
_8rus
_3RU\NLR\AUTH\7758253
_7ca
702 1 _aСуслов
_bМ. А.
_cпарт. и гос. деятель
_f1902-1982
_gМихаил Андреевич
_8rus
_3RU\NLR\AUTH\770272716
_7ca
856 4 _lVNP_ZSOCEC
_tVIEW
_uhttps://webservices.nlr.ru/viewer/file?name=a022336573_002.txt
_yАннотация
856 4 _lVNP_ZSOCEC
_tVIEW
_uhttps://webservices.nlr.ru/viewer/file?name=p022336573_003.jpg
_x001
_yСтраница
856 4 _lVNP_ZSOCEC
_tVIEW
_uhttps://webservices.nlr.ru/viewer/file?name=p022336573_004.jpg
_x002
_yСтраница
856 4 1 _lVNP_ZSOCEC
_tVIEW
_uhttps://webservices.nlr.ru/viewer/file?name=t022336573_001.jpg
_yОбложка
942 _cBOOK
980 4 _aVNP_ZSOCEC
980 _aNB